000 00282nam a2200109 4500
999 _c11608
_d11608
003 OSt
005 20230601185417.0
008 230601b ||||| |||| 00| 0 eng d
245 _aFrank Lloyd wright master of world architecture
260 _aNew York
_bGeorge braziller
942 _2ddc